Strategic Human Resource Management: contemporary issues (Record no. 58497)

MARC details
000 -LEADER
fixed length control field 00752nam a2200205 a 4500
008 - FIXED-LENGTH DATA ELEMENTS--GENERAL INFORMATION
fixed length control field 130408s2007 ||||||||||||||||| || u
020 ## - INTERNATIONAL STANDARD BOOK NUMBER
International Standard Book Number 9780273681632
050 ## - LIBRARY OF CONGRESS CALL NUMBER
Classification number HF 5549 Str
100 ## - MAIN ENTRY--PERSONAL NAME
Personal name Saunders, Mark
245 10 - TITLE STATEMENT
Title Strategic Human Resource Management: contemporary issues
Statement of responsibility, etc. by Mike Millmore (and others)
260 ## - PUBLICATION, DISTRIBUTION, ETC.
Place of publication, distribution, etc. Harlow:
Name of publisher, distributor, etc. Pearson Education, Inc
Date of publication, distribution, etc. 2007
300 ## - PHYSICAL DESCRIPTION
Extent xxv, 572p.: ill.
500 ## - GENERAL NOTE
General note Includes references
650 #0 - SUBJECT ADDED ENTRY--TOPICAL TERM
Topical term or geographic name entry element PERSONNEL MANAGEMENT
650 #0 - SUBJECT ADDED ENTRY--TOPICAL TERM
Topical term or geographic name entry element STRATEGIC PLANNING
700 ## - ADDED ENTRY--PERSONAL NAME
Personal name Millmore, Mike
700 ## - ADDED ENTRY--PERSONAL NAME
Personal name Thornhill, Adrian
700 ## - ADDED ENTRY--PERSONAL NAME
Personal name Lewis, Philip
995 ## - RECOMMENDATION 995 [LOCAL, UNIMARC FRANCE]
-- CBU-MAIN LIBRARY (Kitwe)
-- 1
-- AVAILABLE
-- May 22, 2013
-- Main Library Open Access Collection
Holdings
Withdrawn status Lost status Source of classification or shelving scheme Damaged status Not for loan Home library Current library Shelving location Date acquired Total Checkouts Full call number Barcode Date last seen Price effective from Koha item type
          CBU-MAIN LIBRARY, KITWE. CBU-MAIN LIBRARY, KITWE.   11/30/2022   HF 5549 Str 743656 11/30/2022 11/30/2022 MONOGRAPH